00617cam a2200193 a 4500001000400000003001000004005001700014008004100031020001800072040002500090080001900115100003500134245010600169260003800275300002000313504002500333650002500358650004000383166BR-CuiBMT20231028184558.0230823s2018 mgb 000 0 por d a9788545004189 aBR-CuiBMTcBR-CuiBMT 22007a34:336.21 aSiqueira, Marcelo Rodrigues de10aJogos fiscais :bnovas regras e estratégicas no mundo globalizado /cMarcelo Rodrigues de Siqueira. aBelo Horizonte :bFórum,c2018. a108 p. ;c22 cm aInclui bibliografia. aDireito tributário aGlobalizaçãoxPolítica fiscal